Statistics for Hitman 2 (2018) Targets

Click here to take the quiz!

General Stats

  • This quiz has been taken 87 times
    (86 since last reset)
  • The average score is 11 of 17

Answer Stats

MissionTarget% Correct
The Ark SocietyZoe Washington
77%
The Finish LineSierra Knox
76%
Another LifeJanus
73%
Chasing a GhostDawood Rangan
71%
Another LifeNolan Cassidy
71%
The Finish LineRobert Knox
71%
Three-Headed SerpentRico Delgado
69%
The Ark SocietySophia Washington
69%
NightcallAlma Reynard
67%
Chasing a GhostWazir Kale
66%
Three-Headed SerpentAndrea Martinez
64%
The Last ResortLjudmila Vetrova
64%
The Last ResortTyson Williams
63%
The Last ResortSteven Bradley
61%
Chasing a GhostVanya Shah
60%
Three-Headed SerpentJorge Franco
59%
Golden HandshakeAthena Savalas
57%

Score Distribution

Percentile by Number Answered

Percent of People with Each Score

Your Score History

You have not taken this quiz since the last reset